[Event "Tivat op"]
[Site "Tivat"]
[Date "1995.??.??"]
[Round "1"]
[White "Nikolov, Sasho"]
[Black "Spajic, Lidija"]
[Result "1-0"]
[WhiteElo "2370"]
[BlackElo "2020"]
[PlyCount "63"]
[EventDate "1995.??.??"]
[EventType "swiss"]
[EventRounds "11"]
[EventCountry "YUG"]
[SourceTitle "EXT 2000"]
[Source "ChessBase"]
[SourceDate "1999.11.16"]
[SourceVersion "1"]
[SourceVersionDate "1999.11.16"]
[SourceQuality "1"]

1. d4 Nf6 2. c4 e6 3. Nc3 Bb4 4. e3 Ne4 5. Qc2 d5 6. Bd3 f5 7. Nge2 c6 8. 0-0 Bd6 9. f3 Nxc3 10. bxc3 0-0 11. cxd5 exd5 12. c4 Be6 13. Rb1 b6 14. cxd5 cxd5 15. Bd2 Rf6 16. Bb4 Bxb4 17. Rxb4 Qd6 18. Rb3 Nc6 19. Rc1 Bd7 20. Qd2 Rh6 21. h3 g5 22. f4 g4 23. hxg4 fxg4 24. Ng3 Rf8 25. Rbc3 Qe7 26. Bb5 Rff6 27. Qd1 Rh4 28. Qb3 Nb8 29. Qxd5+ Kh8 30. Rc8+ Rf8 31. Rxf8+ Qxf8 32. Qe5+ 1-0

[Event "YUG-ch (Women)"]
[Site "Smederevo"]
[Date "1994.04.21"]
[Round "4"]
[White "Popovic, Danijela"]
[Black "Spajic, Lidija"]
[Result "1-0"]
[WhiteElo "2055"]
[BlackElo "2020"]
[PlyCount "109"]
[EventDate "1994.04.18"]
[EventType "swiss"]
[EventRounds "10"]
[EventCountry "YUG"]
[SourceTitle "EXT 2018"]
[Source "ChessBase"]
[SourceDate "2017.10.13"]
[SourceVersion "1"]
[SourceVersionDate "2017.10.13"]
[SourceQuality "1"]

1. b4 d5 2. Bb2 Nf6 3. Nf3 e6 4. b5 c5 5. e3 Nbd7 6. c4 Be7 7. Qc2 b6 8. d3 Bb7 9. Nbd2 Qc7 10. cxd5 exd5 11. Be2 0-0 12. h3 Ne8 13. 0-0 Bf6 14. d4 Nd6 15. Ne5 c4 16. Ng4 Be7 17. a4 Rac8 18. Bc3 f5 19. Ne5 Nxe5 20. dxe5 Ne4 21. Nxe4 dxe4 22. Rfd1 Rfd8 23. Rd4 Bd5 24. Rad1 Be6 25. R1d2 Kf7 26. Rxd8 Rxd8 27. Rxd8 Qxd8 28. Bd4 Qd5 29. Qb2 Bc5 30. Bxc5 Qxc5 31. Qc3 Ke7 32. Kf1 g6 33. Ke1 Qd5 34. Qb4+ Kd7 35. Qc3 Kc7 36. Qb4 Kd7 37. Qc3 Ke8 38. h4 Kf7 39. Qd4 Qxd4 40. exd4 c3 41. Kd1 Bb3+ 42. Kc1 Ke6 43. Bd1 Bc4 44. Kc2 Bf1 45. g3 a6 46. a5 Bxb5 47. axb6 Bc6 48. Kxc3 a5 49. Ba4 Bb7 50. Bb3+ Kd7 51. d5 h6 52. Kd4 g5 53. hxg5 hxg5 54. Ba4+ Kc8 55. e6 1-0

[Event "YUG-chT2"]
[Site "Yugoslavia"]
[Date "1994.??.??"]
[Round "7"]
[White "Velcheva, Maria"]
[Black "Spajic, Lidija"]
[Result "1-0"]
[WhiteElo "2125"]
[BlackElo "2020"]
[PlyCount "57"]
[EventDate "1994.??.??"]
[EventType "team"]
[EventRounds "11"]
[EventCountry "YUG"]
[SourceTitle "EXT 1997"]
[Source "ChessBase"]
[SourceDate "1996.11.15"]
[SourceVersion "1"]
[SourceVersionDate "1996.11.15"]
[SourceQuality "1"]

1. e4 e5 2. Nf3 d6 3. d4 Nd7 4. Bc4 Nb6 5. Bb3 exd4 6. Qxd4 Be6 7. c4 Qf6 8. Qd3 Nd7 9. Nc3 c6 10. 0-0 Nc5 11. Qe3 Nd7 12. Nd4 Qe5 13. f4 Qc5 14. Na4 Qa5 15. Bd2 Qa6 16. Rac1 Nb6 17. Nxb6 Qxb6 18. c5 dxc5 19. Nxe6 fxe6 20. Bxe6 Nf6 21. Bc3 Be7 22. Qg3 g6 23. Bxf6 Bxf6 24. e5 Be7 25. f5 gxf5 26. Qg7 Rf8 27. Qxh7 c4+ 28. Kh1 Qc5 29. Rcd1 1-0